Secure IT Systems 19th Nordic Conference, NordSec 2014, Tromsø, Norway, October 15-17, 2014, Proceedings /

This book constitutes the proceedings of the 19th Nordic Conference on Secure IT Systems, held in Tromsø, Norway, in October 2014. The 15 full papers presented in this volume were carefully reviewed and selected from 42 submissions. They are organized in topical sections named: information managemen...

Full description

Bibliographic Details
Corporate Author: SpringerLink (Online service)
Other Authors: Bernsmed, Karin (Editor), Fischer-Hübner, Simone (Editor)
Format: Electronic eBook
Language:English
Published: Cham : Springer International Publishing : Imprint: Springer, 2014.
Series:Lecture Notes in Computer Science, 8788
Subjects:
Online Access:Full Text via HEAL-Link
LEADER 04250nam a22005175i 4500
001 978-3-319-11599-3
003 DE-He213
005 20151204152420.0
007 cr nn 008mamaa
008 141006s2014 gw | s |||| 0|eng d
020 |a 9783319115993  |9 978-3-319-11599-3 
024 7 |a 10.1007/978-3-319-11599-3  |2 doi 
040 |d GrThAP 
050 4 |a QA76.9.A25 
072 7 |a UR  |2 bicssc 
072 7 |a UTN  |2 bicssc 
072 7 |a COM053000  |2 bisacsh 
082 0 4 |a 005.8  |2 23 
245 1 0 |a Secure IT Systems  |h [electronic resource] :  |b 19th Nordic Conference, NordSec 2014, Tromsø, Norway, October 15-17, 2014, Proceedings /  |c edited by Karin Bernsmed, Simone Fischer-Hübner. 
264 1 |a Cham :  |b Springer International Publishing :  |b Imprint: Springer,  |c 2014. 
300 |a XII, 296 p. 81 illus.  |b online resource. 
336 |a text  |b txt  |2 rdacontent 
337 |a computer  |b c  |2 rdamedia 
338 |a online resource  |b cr  |2 rdacarrier 
347 |a text file  |b PDF  |2 rda 
490 1 |a Lecture Notes in Computer Science,  |x 0302-9743 ;  |v 8788 
505 0 |a Accountability in Cloud Service Provision Ecosystems -- Information Management and Data Privacy -- Information Classification Issues -- DEICS: Data Erasure in Concurrent Software -- A Practical Analysis of Oblivious Sorting Algorithms for Secure Multi-party Computation -- Cloud, Big Data and Virtualization Security -- Security of OS-Level Virtualization Technologies -- Processing Private Queries over an Obfuscated Database Using Hidden Vector Encryption -- π-Cipher: Authenticated Encryption for Big Data -- What Would it Take for You to Tell Your Secrets to a Cloud? - Studying Decision Factors When Disclosing Information to Cloud Services -- Network Security and Logging -- Efficient Record-Level Keyless Signatures for Audit Logs -- Static Semantics of Secret Channel Abstractions -- Browser Randomisation against Fingerprinting: A Quantitative Information Flow Approach -- Attacks and Defenses -- Attacker Profiling in Quantitative Security Assessment Based on Attack Trees -- Denial-of-Service Mitigation for Internet Services -- Spook in Your Network: Attacking an SDN with a Compromised OpenFlow Switch -- Security in Healthcare and Biometrics -- Patients’ Privacy Protection against Insurance Companies in eHealth Systems -- Segmentation and Normalization of Human Ears Using Cascaded Pose Regression -- Poster Papers -- Dynamic Enforcement of Dynamic Policies -- Availability by Design -- Pareto Efficient Solutions of Attack Trees -- Verification of Stateful Protocols: Set-Based Abstractions in the Applied π–Calculus -- Improvement Proposal for the CryptoCloak Application -- Process Tracking for Forensic Readiness -- Computationally Analyzing the ISO 9798–2.4 Authentication Protocol -- Differential Privacy and Private Bayesian Inference -- Event Invitations in Privacy-Preserving DOSNs: Formalization and Protocol Design -- Attacks on Privacy-Preserving Biometric Authentication. 
520 |a This book constitutes the proceedings of the 19th Nordic Conference on Secure IT Systems, held in Tromsø, Norway, in October 2014. The 15 full papers presented in this volume were carefully reviewed and selected from 42 submissions. They are organized in topical sections named: information management and data privacy; cloud, big data and virtualization security; network security and logging; attacks and defenses; and security in healthcare and biometrics. The volume also contains one full-paper invited talk. 
650 0 |a Computer science. 
650 0 |a Computer security. 
650 0 |a Data encryption (Computer science). 
650 0 |a Biometrics (Biology). 
650 1 4 |a Computer Science. 
650 2 4 |a Systems and Data Security. 
650 2 4 |a Data Encryption. 
650 2 4 |a Biometrics. 
700 1 |a Bernsmed, Karin.  |e editor. 
700 1 |a Fischer-Hübner, Simone.  |e editor. 
710 2 |a SpringerLink (Online service) 
773 0 |t Springer eBooks 
776 0 8 |i Printed edition:  |z 9783319115986 
830 0 |a Lecture Notes in Computer Science,  |x 0302-9743 ;  |v 8788 
856 4 0 |u http://dx.doi.org/10.1007/978-3-319-11599-3  |z Full Text via HEAL-Link 
912 |a ZDB-2-SCS 
912 |a ZDB-2-LNC 
950 |a Computer Science (Springer-11645)